OPAC Home

සංගීතවිද්‍යා සංකතන (Record no. 79982)

MARC details
000 -LEADER
fixed length control field 00550nam a2200169Ia 4500
003 - CONTROL NUMBER IDENTIFIER
control field LK-CoDNM
008 - FIXED-LENGTH DATA ELEMENTS--GENERAL INFORMATION
fixed length control field 140723t2021 xxu||||| |||| 00| 1 sin d
020 ## - INTERNATIONAL STANDARD BOOK NUMBER
International Standard Book Number
-- 9786245785063
040 ## - CATALOGING SOURCE
Original cataloging agency LK-CoDNM
Modifying agency LK-CoDNM
Description conventions LK-CoDNM
041 ## - LANGUAGE CODE
Language code of text/sound track or separate title Sinhala; Sinhalese
080 ## - UNIVERSAL DECIMAL CLASSIFICATION NUMBER
Universal Decimal Classification number 781
Item number SAN
942 ## - ADDED ENTRY ELEMENTS (KOHA)
Koha item type Books
700 ## - ADDED ENTRY--PERSONAL NAME
Personal name කෝලිත භානු දිසනායක
Relator term editor
Personal name (Transliterated) Kolitha Banu Dissanyaka Chiltas Dayawansa
245 ## - TITLE STATEMENT
Title සංගීතවිද්‍යා සංකතන
246 ## - VARYING FORM OF TITLE
Title proper/short title Sangeethawidana Sankathana
260 ## - PUBLICATION, DISTRIBUTION, ETC. (IMPRINT)
Name of publisher, distributor, etc. Wapa University Press
Place of publication, distribution, etc. Colombo
Date of publication, distribution, etc. 2021
Holdings
Withdrawn status Lost status Damaged status Not for loan Collection code Permanent Location Current Location Date acquired Cost, normal purchase price Full call number Barcode Koha item type
        Monographs Library National Museum Colombo - Sri Lanka Library National Museum Colombo - Sri Lanka 2023-07-16 350.00 781 SAN 174391 Books
Copyright © 2023 Department of National Museum, Colombo 07, Sri Lanka Funded by UNESCO IFAP UNESCO